Marketing : an introduction (Record no. 33600)

MARC details
000 -LEADER
fixed length control field 00462nam a22001937a 4500
005 - DATE AND TIME OF LATEST TRANSACTION
control field 20230918112329.0
008 - FIXED-LENGTH DATA ELEMENTS--GENERAL INFORMATION
fixed length control field 230918b |||||||| |||| 00| 0 eng d
020 ## - INTERNATIONAL STANDARD BOOK NUMBER
ISBN 9781292146508
082 ## - DEWEY DECIMAL CLASSIFICATION NUMBER
Classification number 658.8
Item number ARM-M
100 ## - MAIN ENTRY--AUTHOR
Author Name Armstrong gary
245 ## - TITLE STATEMENT
Title Marketing : an introduction
250 ## - EDITION STATEMENT
Edition statement 13 ed.
260 ## - PUBLICATION, DISTRIBUTION, ETC.
Place of Publication Malaysia
Name of publisher, distributor, etc. Pearson
Date of publication, distribution, etc. 2017
300 ## - PHYSICAL DESCRIPTION
Pages 669
500 ## - GENERAL NOTE
General note Includes Index
650 ## - SUBJECT ADDED ENTRY--TOPICAL TERM
Subject / Department Management
700 ## - ADDED ENTRY--PERSONAL NAME
Personal name Gary Armstrong
952 ## - LOCATION AND ITEM INFORMATION (KOHA)
-- 0
-- 0
Holdings
Lost status Damaged status Permanent Location Current Location Shelving Location Date acquired Full Call Number Accession No./Barcode Date last seen item type
    Superior Information Resource Center (SIRC) Superior University- Main Campus Superior Information Resource Center (SIRC) Superior University- Main Campus Management 09/18/2023 658.8 ARM-M 2017 20506 09/18/2023 BOOK

Powered by Koha